Muhammad Ibn Zakariyyâ al-Razi (Rhazès), La médecine spirituelle, introd., trad. notes et bibliogr. de Rémi Brague, Paris, Flammarion, 2003, « GF », 206 p., 7 E. (notice n° 1657086)
[ vue normale ]
| 000 -LEADER | |
|---|---|
| fixed length control field | 00624cam a2200145 4500500 |
| 005 - DATE AND TIME OF LATEST TRANSACTION | |
| control field | 20260208010541.0 |
| 041 ## - LANGUAGE CODE | |
| Language code of text/sound track or separate title | fre |
| 042 ## - AUTHENTICATION CODE | |
| Authentication code | dc |
| 100 10 - MAIN ENTRY--PERSONAL NAME | |
| Personal name | Adam, Michel |
| Relator term | author |
| 245 00 - TITLE STATEMENT | |
| Title | Muhammad Ibn Zakariyyâ al-Razi (Rhazès), La médecine spirituelle, introd., trad. notes et bibliogr. de Rémi Brague, Paris, Flammarion, 2003, « GF », 206 p., 7 E. |
| 260 ## - PUBLICATION, DISTRIBUTION, ETC. | |
| Date of publication, distribution, etc. | 2005.<br/> |
| 500 ## - GENERAL NOTE | |
| General note | 41 |
| 786 0# - DATA SOURCE ENTRY | |
| Note | Revue philosophique de la France et de l'étranger | 130 | 1 | 2005-03-01 | p. 77zu-130zu | 0035-3833 |
| 856 41 - ELECTRONIC LOCATION AND ACCESS | |
| Uniform Resource Identifier | <a href="https://shs.cairn.info/revue-philosophique-2005-1-page-77zu?lang=fr&redirect-ssocas=7080">https://shs.cairn.info/revue-philosophique-2005-1-page-77zu?lang=fr&redirect-ssocas=7080</a> |
Pas d'exemplaire disponible.




Réseaux sociaux